WWE Survivor Series 2010 Quiz Stats

 Plays Quiz not verified by Sporcle

Score 0/10 Timer 02:00
0 Plays Today
% Correct
Rey Mysterio
89.5%
Big Show
87.7%
Alberto Del Rio
80.9%
Kofi Kingston
78.4%
Cody Rhodes
74.1%
Jack Swagger
73.5%
Montel Vontavious Porter
69.1%
Drew McIntyre
68.5%
Tyler Reks
64.8%
Chris Masters
59.9%

You're not logged in!

Compare scores with friends on all Sporcle quizzes.
OR
Log In

Show Comments

Extras

Top Quizzes Today


Score Distribution

Your Account Isn't Verified!

In order to create a playlist on Sporcle, you need to verify the email address you used during registration. Go to your Sporcle Settings to finish the process.

Report this User

Report this user for behavior that violates our Community Guidelines.

Details: